[Event "Niedersachsen-ch Seniors op 13th"]
[Site "Bad Bevensen"]
[Date "2010.07.11"]
[Round "6"]
[White "Jasinski, Viktor"]
[Black "Harting, Alois"]
[Result "0-1"]
[WhiteElo "1585"]
[BlackElo "1757"]
[PlyCount "122"]
[EventDate "2010.07.06"]
[EventType "swiss"]
[EventRounds "9"]
[EventCountry "GER"]
[SourceTitle "EXT 2012"]
[Source "ChessBase"]
[SourceDate "2011.11.24"]
[SourceVersion "1"]
[SourceVersionDate "2011.11.24"]
[SourceQuality "1"]

1. d4 d5 2. Nf3 Nf6 3. c4 e6 4. Nc3 c5 5. Bg5 Be7 6. e3 cxd4 7. Nxd4 0-0 8. Qc2 dxc4 9. Bxc4 h6 10. Bf4 Nc6 11. Nxc6 bxc6 12. 0-0 Qb6 13. Rfd1 Nd5 14. Bg3 Ba6 15. Na4 Qb7 16. Bxa6 Qxa6 17. Nc5 Qb5 18. Ne4 Rfd8 19. Rac1 Rac8 20. a3 a5 21. h3 Qb6 22. Rd4 f5 23. Nd2 c5 24. Rc4 Kf7 25. Nf3 g5 26. Ne5+ Kg7 27. e4 f4 28. exd5 exd5 29. Rc3 fxg3 30. Rb3 gxf2+ 31. Qxf2 Qf6 32. Qxf6+ Kxf6 33. Ng4+ Kg6 34. Rb5 h5 35. Ne5+ Kf6 36. Re1 Bd6 37. Nf3 Rb8 38. Rxa5 Rxb2 39. Ra6 d4 40. Re5 Rb1+ 41. Kf2 Rb2+ 42. Kf1 Rb1+ 43. Kf2 g4 44. hxg4 hxg4 45. Rd5 gxf3 46. Raxd6+ Rxd6 47. Rxd6+ Ke5 48. Rd8 fxg2 49. Kxg2 Ra1 50. Kf2 Rxa3 51. Ke2 Ke4 52. Re8+ Kd5 53. Kd2 Kc4 54. Kc2 Ra2+ 55. Kb1 Rf2 56. Ra8 d3 57. Kc1 Kd4 58. Kd1 c4 59. Ra4 Ke3 60. Kc1 c3 61. Kb1 Rf1+ 0-1

[Event "GER Seniors Derby 08th"]
[Site "Wesel Undeloh"]
[Date "2009.04.19"]
[Round "7.9"]
[White "Harting, Alois"]
[Black "Thieme, Wolfgang"]
[Result "1/2-1/2"]
[WhiteElo "1790"]
[BlackElo "1774"]
[PlyCount "46"]
[EventDate "2009.04.16"]
[EventType "swiss"]
[EventRounds "7"]
[EventCountry "GER"]
[SourceTitle "EXT 2022"]
[Source "ChessBase"]
[SourceDate "2021.10.06"]
[SourceVersion "1"]
[SourceVersionDate "2021.10.06"]
[SourceQuality "1"]

1. e4 c5 2. Nf3 e6 3. d4 cxd4 4. Nxd4 Bc5 5. Nb3 Bb6 6. Bd3 Ne7 7. 0-0 0-0 8. Qe2 f5 9. Bg5 f4 10. N1d2 h6 11. Bxe7 Qxe7 12. Nc4 Qg5 13. Qf3 e5 14. Nd6 Nc6 15. c3 Ne7 16. Be2 Rf6 17. Bc4+ Kf8 18. Rad1 Rxd6 19. Rxd6 Bc7 20. Rfd1 Bxd6 21. Rxd6 Ng6 22. Be2 Ke7 23. Rd1 Nh4 1/2-1/2

[Event "GER Seniors Derby 08th"]
[Site "Wesel Undeloh"]
[Date "2009.04.17"]
[Round "3.10"]
[White "Harting, Alois"]
[Black "Eichhorst, Gerhard"]
[Result "1-0"]
[WhiteElo "1790"]
[BlackElo "1600"]
[PlyCount "85"]
[EventDate "2009.04.16"]
[EventType "swiss"]
[EventRounds "7"]
[EventCountry "GER"]
[SourceTitle "EXT 2022"]
[Source "ChessBase"]
[SourceDate "2021.10.06"]
[SourceVersion "1"]
[SourceVersionDate "2021.10.06"]
[SourceQuality "1"]

1. e4 g6 2. Nf3 Bg7 3. d4 d6 4. c3 Nd7 5. Bd3 e6 6. 0-0 b6 7. d5 e5 8. h3 h6 9. Be3 Ne7 10. Nbd2 0-0 11. Nh2 Nf6 12. f4 exf4 13. Bxf4 g5 14. Be3 Ng6 15. Qc2 Qe7 16. Rf2 Bd7 17. c4 Ne5 18. Bd4 Nh5 19. Nhf3 Nf4 20. Nxe5 dxe5 21. Be3 Rfe8 22. Kh2 Ng6 23. Nf1 g4 24. Ng3 Qh4 25. Nf5 Bxf5 26. Rxf5 Nf4 27. Bf2 Qd8 28. hxg4 Qd6 29. Bg3 Ng6 30. Raf1 Ne7 31. R5f2 Qg6 32. Be2 Nc8 33. b4 Nd6 34. Bf3 Kh8 35. c5 Nb5 36. Qd3 Nd4 37. Bd1 f6 38. Ba4 Red8 39. Bd1 Rg8 40. Bh4 Rgf8 41. Bg3 Rf7 42. Bxe5 fxe5 43. Rxf7 1-0

[Event "GER Seniors Derby 08th"]
[Site "Wesel Undeloh"]
[Date "2009.04.16"]
[Round "2.2"]
[White "Freise, Helmut"]
[Black "Harting, Alois"]
[Result "1-0"]
[WhiteElo "2178"]
[BlackElo "1790"]
[PlyCount "47"]
[EventDate "2009.04.16"]
[EventType "swiss"]
[EventRounds "7"]
[EventCountry "GER"]
[SourceTitle "EXT 2022"]
[Source "ChessBase"]
[SourceDate "2021.10.06"]
[SourceVersion "1"]
[SourceVersionDate "2021.10.06"]
[SourceQuality "1"]

1. d4 d5 2. c4 e6 3. Nc3 Nf6 4. Bg5 h6 5. Bxf6 Qxf6 6. cxd5 exd5 7. Nxd5 Qd6 8. Nc3 Be7 9. e3 0-0 10. Bd3 Nd7 11. Nf3 Nf6 12. h3 b6 13. e4 Qd8 14. 0-0 Bb7 15. Qe2 a6 16. Rfe1 Re8 17. a3 c5 18. dxc5 Bxc5 19. Rad1 Qc7 20. Rc1 Nh5 21. Bb1 Qg3 22. Kf1 Bc8 23. Ng1 Qh2 24. Qxh5 1-0

[Event "GER Seniors Derby 08th"]
[Site "Wesel Undeloh"]
[Date "2009.04.16"]
[Round "1.13"]
[White "Harting, Alois"]
[Black "Manthey, Wolfgang"]
[Result "1-0"]
[WhiteElo "1790"]
[BlackElo "1604"]
[PlyCount "75"]
[EventDate "2009.04.16"]
[EventType "swiss"]
[EventRounds "7"]
[EventCountry "GER"]
[SourceTitle "EXT 2022"]
[Source "ChessBase"]
[SourceDate "2021.10.06"]
[SourceVersion "1"]
[SourceVersionDate "2021.10.06"]
[SourceQuality "1"]

1. e4 d5 2. exd5 Qxd5 3. Nc3 Qd6 4. Nf3 c6 5. d3 Bg4 6. Be2 Nf6 7. Be3 Nbd7 8. a3 e5 9. Nd2 Bxe2 10. Qxe2 Be7 11. 0-0 0-0 12. f4 Rae8 13. f5 Nd5 14. Nce4 Qc7 15. Kh1 Nxe3 16. Qxe3 Qb6 17. Qxb6 Nxb6 18. Rf3 Nd5 19. Raf1 f6 20. Nc4 Rd8 21. Ne3 Rd7 22. g4 h6 23. h4 Nf4 24. R1f2 b5 25. Ng2 Nd5 26. Rg3 Rfd8 27. g5 hxg5 28. hxg5 fxg5 29. Nxg5 Bxg5 30. Rxg5 Nf6 31. Nh4 Rd4 32. Ng6 Re8 33. Re2 e4 34. Rg3 c5 35. Rh3 Kf7 36. dxe4 Rdxe4 37. Rxe4 Rxe4 38. Rd3 1-0